|
|
|
|
| LEADER |
02549nam a2200721 4500 |
| 001 |
ocn814389978 |
| 003 |
OCoLC |
| 005 |
20170124070556.7 |
| 006 |
m o d |
| 007 |
cr ||||||||||| |
| 008 |
121023s2013 enk ob 001 0 eng |
| 010 |
|
|
|a 2012043430
|
| 040 |
|
|
|a DLC
|b eng
|e rda
|e pn
|c DLC
|d YDX
|d N$T
|d DG1
|d E7B
|d YDXCP
|d UBY
|d COO
|d DEBBG
|d OCLCQ
|d OCLCF
|d OCLCO
|d EBLCP
|d AZK
|d GrThAP
|
| 019 |
|
|
|a 961529744
|a 962708750
|
| 020 |
|
|
|a 9781118403013
|q (ePub)
|
| 020 |
|
|
|a 1118403010
|q (ePub)
|
| 020 |
|
|
|a 9781118402993
|q (MobiPocket)
|
| 020 |
|
|
|a 1118402995
|q (MobiPocket)
|
| 020 |
|
|
|a 9781118403006
|q (Adobe PDF)
|
| 020 |
|
|
|a 1118403002
|q (Adobe PDF)
|
| 020 |
|
|
|a 9781118403020
|q (electronic bk.)
|
| 020 |
|
|
|a 1118403029
|q (electronic bk.)
|
| 020 |
|
|
|a 1119944546
|q (cloth)
|
| 020 |
|
|
|a 9781119944546
|q (cloth)
|
| 020 |
|
|
|a 9781299242487
|q (MyiLibrary)
|
| 020 |
|
|
|a 1299242480
|q (MyiLibrary)
|
| 020 |
|
|
|z 9781119944546
|q (cloth)
|
| 029 |
1 |
|
|a AU@
|b 000050718701
|
| 029 |
1 |
|
|a CHBIS
|b 009774835
|
| 029 |
1 |
|
|a CHBIS
|b 010441741
|
| 029 |
1 |
|
|a CHVBK
|b 199602239
|
| 029 |
1 |
|
|a CHVBK
|b 334085683
|
| 029 |
1 |
|
|a DEBBG
|b BV041393670
|
| 029 |
1 |
|
|a DKDLA
|b 820120-katalog:000600974
|
| 029 |
1 |
|
|a NZ1
|b 14976993
|
| 035 |
|
|
|a (OCoLC)814389978
|z (OCoLC)961529744
|z (OCoLC)962708750
|
| 042 |
|
|
|a pcc
|
| 050 |
0 |
0 |
|a TJ1075
|
| 072 |
|
7 |
|a TEC
|x 068000
|2 bisacsh
|
| 082 |
0 |
0 |
|a 621.8/9
|2 23
|
| 049 |
|
|
|a MAIN
|
| 100 |
1 |
|
|a Bhushan, Bharat,
|d 1949-
|
| 245 |
1 |
0 |
|a Principles and applications of tribology /
|c Bharat Bhushan.
|
| 250 |
|
|
|a Second edition.
|
| 264 |
|
1 |
|a Chichester, West Sussex, UK :
|b Wiley,
|c 2013.
|
| 300 |
|
|
|a 1 online resource.
|
| 336 |
|
|
|a text
|b txt
|2 rdacontent
|
| 337 |
|
|
|a computer
|b c
|2 rdamedia
|
| 338 |
|
|
|a online resource
|b cr
|2 rdacarrier
|
| 347 |
|
|
|a data file
|2 rda
|
| 380 |
|
|
|a Bibliography
|
| 490 |
1 |
|
|a Tribology series
|
| 504 |
|
|
|a Includes bibliographical references and index.
|
| 588 |
0 |
|
|a Print version record and CIP data provided by publisher.
|
| 650 |
|
0 |
|a Tribology.
|
| 650 |
|
7 |
|a TECHNOLOGY & ENGINEERING
|x Tribology.
|2 bisacsh
|
| 650 |
|
7 |
|a Tribology.
|2 fast
|0 (OCoLC)fst01156503
|
| 655 |
|
4 |
|a Electronic books.
|
| 655 |
|
7 |
|a Electronic books.
|2 local
|
| 776 |
0 |
8 |
|i Print version:
|a Bhushan, Bharat, 1949-
|t Principles and applications of tribology.
|b Second edition.
|d Hoboken : John Wiley & Sons Inc., 2013
|z 9781119944546
|w (DLC) 2012031664
|
| 830 |
|
0 |
|a Tribology series.
|
| 856 |
4 |
0 |
|u https://doi.org/10.1002/9781118403020
|z Full Text via HEAL-Link
|
| 994 |
|
|
|a 92
|b DG1
|